00461 2200181 4500001002100000005001500021035002000036245004100056100001000097250001700107300003200124260003500156082001000191084001600201020002200217650001400239500002600253INLIS00000000000062820240826083823 a0010-08240001461 aBerkreasi dengan Kain Bekas /cSusan0 aSusan acetakan ke-1 aiv, 76 hlm :bIlus ;c22 cm aJakarta :bGaneca Exact,c2007 a745.5 a745.5 SUS b a978-979-571-457-6 4aKerajinan aSeri Kerajinan Tangan